Rethinking German history : nineteenth-century Germany and the origins of the Third Reich /

Bibliographic Details
Main Author: Evans, Richard J.
Format: Book
Language:English
Published: London ; Boston : Allen and Unwin, 1987.
Subjects:

MARC

Tag First Indicator Second Indicator Subfields
LEADER 00000cam a2200000 a 4500
001 in00000009148
005 20151007051501.0
008 870203s1987 enk b 00110 eng
010 |a  87000975  
020 |a 0049430513 (alk. paper) 
035 |a (OCoLC)15223063 
035 |9 AAA3223AM 
040 |a DLC  |c DLC  |d TXA  |d UtOrBLW 
043 |a e-gx--- 
049 |a TXAM  |c [A12628382] 
050 0 0 |a DD204  |b .E88 1987 
082 0 |a 943/.07  |2 19 
100 1 |a Evans, Richard J. 
245 1 0 |a Rethinking German history :  |b nineteenth-century Germany and the origins of the Third Reich /  |c Richard J. Evans. 
264 1 |a London ;  |a Boston :  |b Allen and Unwin,  |c 1987. 
300 |a 298 pages ;  |c 24 cm. 
336 |a text  |b txt  |2 rdacontent 
337 |a unmediated  |b n  |2 rdamedia 
338 |a volume  |b nc  |2 rdacarrier 
500 |a Essays, most of which were published in various journals between 1978 and 1985. 
504 |a Includes bibliographies and index. 
651 0 |a Germany  |x History  |y 1789-1900. 
651 0 |a Germany  |x History  |y 20th century. 
999 |a MARS 
999 f f |s 0476e5c5-391b-351d-a2b8-70d6d8146407  |i 7afec133-1fe0-3064-b12b-b44c21ec6434  |t 0 
952 f f |p ric  |a Texas A&M University  |b Rellis Campus  |c Joint Library Facility  |d Remote Storage  |t 0  |e DD204 .E88 1987  |h Library of Congress classification  |i unmediated -- volume  |m A14812628382 
998 f f |a DD204 .E88 1987  |t 0  |l Remote Storage